LEADER 00876nam a22002411i 4500 001 991000444189707536 005 20021009131510.0 008 021009s1964 fr |||||||||||||||||fre 035 $ab1200585x-39ule_inst 035 $aARCHE-009565$9ExL 040 $aDip.to Filologia Ling. e Lett.$bita$cA.t.i. Arché s.c.r.l. Pandora Sicilia s.r.l. 100 1 $aPerche, Louis$0188709 245 10$aPaul Éluard /$cLouis Perche 260 $aParis :$bEd. Universitaires,$c1964 300 $a123 p. ;$c18 cm 490 0$aClassiques du 20. siècle 650 4$aÉluard , Paul 907 $a.b1200585x$b28-04-17$c01-04-03 912 $a991000444189707536 945 $aLE008 FL.M. FR. VI C 18$g1$i2008000191795$lle008$o-$pE0.00$q-$rl$s- $t0$u0$v0$w0$x0$y.i12291675$z01-04-03 996 $aPaul Éluard$9133786 997 $aUNISALENTO 998 $ale008$b01-04-03$cm$da $e-$ffre$gfr $h0$i1 LEADER 01181nas 2200433 c 450 001 9910895493003321 005 20260218111713.0 011 $a2699-8084 035 $a(DE-599)ZDB3008679-6 035 $a(OCoLC)1291510590 035 $a(DE-101)1204931887 035 $a(CKB)4100000011704226 035 $a(DE-599)3008679-6 035 $a(EXLCZ)994100000011704226 100 $a20200218b20172021 |y | 101 0 $ager 135 $aur||||||||||| 181 $ctxt$2rdacontent 182 $cc$2rdamedia 183 $acr$2rdacarrier 200 00$aLegal revolutionary Zeitschrift$eLRZ : Recht in der digitalen Wirtschaft 210 31$aFrankfurt am Main$cLegal (R)evolution GmbH$d[2017-2021] 300 $aHaupttitel vom pdf 300 $aGesehen am 25.03.24 517 3 $aLegal evolutionary 517 3 $aLR 517 1 $aLR 517 1 $aRechtsmagazin der digitalen Wirtschaft 608 $aZeitschrift$2gnd-content 676 $a340 676 $a650 676 $a330 801 0$b1140 801 1$bDE-101 801 2$b9999 906 $aJOURNAL 912 $a9910895493003321 996 $aLegal revolutionary Zeitschrift$94437538 997 $aUNINA